| 000 | 00927nam a2200265Ia 4500 | ||
|---|---|---|---|
| 003 | OSt | ||
| 005 | 20221005105159.0 | ||
| 006 | a|||||r|||| 00| 0 | ||
| 007 | ta | ||
| 008 | 221004b |||||||| |||| 00| 0 hin d | ||
| 020 |
_a9788178757888 (hbk) _cINR 395.00 |
||
| 024 | _a37615 | ||
| 037 |
_b65, 13/03/2018, P. K. Books _cTextual |
||
| 040 |
_aCRL _cCRL _bhin |
||
| 041 |
_2hin _ahin |
||
| 082 | _aY, 152Q6 | ||
| 100 | _aखान, अयूब, ले. | ||
| 245 | 0 | _aप्रजननता का समाजशास्त्र | |
| 246 | _aPrajananatā kā samājashāstra | ||
| 260 |
_aनई दिल्ली _bअनामिका पब्लिशर्स भारत _c2016 |
||
| 300 |
_a162पृ0 _ccm. |
||
| 650 | _aसमाजशास्त्र | ||
| 942 |
_hY, 152Q6 _cTEXL _2cc |
||
| 999 |
_c1015022 _d1015022 |
||